00520nam a2200193 a 4500001001300000003000900013005001700022008004100039020001100080082001600091100001900107245003800126260004800164300000900212500003500221505002000256650003100276700001900307nice12345678IN_TiNIC20260116013359.0050524s1997 cama grp 000 0 eng  ac120000a340.59bHAL aHallaq, Wael B aHistory of Islamic Legal Theories aCambridgebCambridge University Pressc1997 a294p aincludes index and biblioraphy2 aspecial dossier aIslamic-Law Interpretation1 aHallaq, Wael B